000 00340nam a2200133Ia 4500
999 _c12866
_d12866
082 _aTP.0280
100 _aPrasad, Bammidi Devi
245 0 _aDowry practice in the urban setting : A causal study
260 _c1987
_bAndhra University
300 _a443p.
650 _aDOWRY - ANDHRA PRADESH
710 _aRamana, K.V.
942 _cTH
_2ddc